000 00895nam a22002297a 4500
008 081022t xxu||||| |||| 00| 0 eng d
010 _aENG-91421
020 _a9788120336384
_c250.00
035 _aEN-74954
037 _bDBAD / PUB
040 _adpl
_bEnglish
082 _a515.352
100 _aBiswal, Purna Chandra
_952944
245 _aOrdinary differential equations /
_cby Purna Chandra Biswal /
260 _aNew Delhi
_bPrentice Hall of India
_c2008
270 _aM-97 Connaught Circus,
_bNew Delhi
_e110012
300 _aix, 332p.
_c25cm (pbk)
500 _aIncludes bibliographical references and index
650 _2Differential equations.
942 _2ddc
_cEN
_mBIS
_h515.352
999 _c17198
_d17198